000 00802nam a2200229Ia 4500
003 GCL
008 140319s9999 xx 000 0 ara d
040 _aGCL /
_cGCL
082 0 4 _a374
_bم ا
100 1 _aموسى نصار
245 1 0 _aاستراتيجية تعليم الكبار /
_cموسى نصار
250 _aالاولى
260 _aالاردن :
_bدار اسامة للنشر والتوزيع ،
_c2006
300 _a184 ص ؛
_c24 سم
650 0 4 _aتعليم الكبار
650 0 4 _aمحو الامية
650 0 4 _aالتعليم المستمر
650 0 4 _aتعليم الكبار - العالم العربى
650 0 4 _aتعليم الكبار - اغراضه واهدافه
650 0 4 _aتعليم الكبار - الدول النامية
942 _2ddc
_cBK
999 _c10170
_d10170